Central Library OPAC University of Rajshahi

Lucretius : (Record no. 86019)

MARC details
000 -LEADER
fixed length control field 00700nam a22002297a 4500
001 - CONTROL NUMBER
control field 86019
003 - CONTROL NUMBER IDENTIFIER
rucl marc code BD-RjUL
005 - DATE AND TIME OF LATEST TRANSACTION
control field 20251202143234.0
008 - FIXED-LENGTH DATA ELEMENTS--GENERAL INFORMATION
fixed length control field 251202r19531937enk||||| |||| 00| 0 eng d
035 ## - SYSTEM CONTROL NUMBER
System control number (BD-RjUL)86019
040 ## - CATALOGING SOURCE
Original cataloging agency BD-RjUL
Language of cataloging eng
Transcribing agency BD-RjUL
041 ## - LANGUAGE CODE
Language code of text/sound track or separate title eng
082 ## - DEWEY DECIMAL CLASSIFICATION NUMBER
Edition number 23
Classification number 871
Author mark and year CAL 1953
100 ## - MAIN ENTRY--PERSONAL NAME
Personal name Carus, Titus Lucretius
9 (RLIN) 17442
245 ## - TITLE STATEMENT
Title Lucretius :
Remainder of title De rerum natura /
Statement of responsibility, etc. Titus Lucretius Carus ; W. H. D. Rouse.
250 ## - EDITION STATEMENT
Edition statement 3rd rev. ed.
260 ## - PUBLICATION, DISTRIBUTION, ETC. (IMPRINT)
Place of publication, distribution, etc. London :
Name of publisher, distributor, etc. William Heinemann,
Date of publication, distribution, etc. 1947, [reprinted 1953]
300 ## - PHYSICAL DESCRIPTION
Pagination xxi, 537, 9 pages ;
Size 17 cm.
650 ## - SUBJECT ADDED ENTRY--TOPICAL TERM
Topical term or geographic name as entry element Didactic poetry, Latin
9 (RLIN) 17443
700 ## - ADDED ENTRY--PERSONAL NAME
Personal name Rouse, W. H. D. (Translator)
942 ## - ADDED ENTRY ELEMENTS (KOHA)
Source of classification or shelving scheme Dewey Decimal Classification
Koha item type Books
Holdings
Lost status Source of classification or shelving scheme Damaged status Not for loan Collection code Permanent Location Current Location Shelving location Date acquired Source of acquisition Cost, normal purchase price Total Checkouts Full call number Date last seen Copy number Koha item type
  Dewey Decimal Classification   Not For Loan Non-fiction Central Library, University of Rajshahi Central Library, University of Rajshahi Reading Room 10/03/1955 Sipkim Marshell 15.00   871 CAL 1953 02/12/2025 C-1 Books